000 00490nam a22001577a 4500
003 OSt
005 20221122094240.0
008 221122b |||||||| |||| 00| 0 eng d
040 _cDLC
050 _bAL374C
082 _bAL374C
245 _aChristian Management in a VUCA World:
_bReflection from a Global Pandemic Context/
_cEdited by Aby Alexandar, Prasad Phillips and Reji Samuel.
260 _aChennai:
_bChristian Institute of Management,
_c2022.
300 _a198p.
942 _2ddc
_cBK
999 _c11079
_d11079